00409nam a2200169Ia 4500008004100000082001000041100001800051245002700069250000600096260002200102300000800124600001800132630002700150700001800177700001700195730002700212090123s9999 xx 000 0 und d b27163 a"SHAH,MEHATA" aMASTER KEY ACCONNTANCY a0 bCHETANA PRAKASHAN a448 a"SHAH,MEHATA" aMASTER KEY ACCONNTANCY a"SHAH,MEHATA" aKADAM KISHOR aMASTER KEY ACCONNTANCY